Städtekette - Statistiken

Allgemein
  • Dieses Quiz wurde 78 mal gespielt
  • Das Durchschnittsergebnis liegt bei 19 aus 34
Antwortstatistiken
Hinweis Stadt % Korrekt
katalanische Hauptstadt Barcelona
98%
Muslime beten in Richtung dieser Stadt Mekka
82%
Zentrum des bedeutendsten europäischen Reichs der Antike Rom
80%
Gastgeber der Olympischen Sommerspiele 1952 Helsinki
78%
Metropole, die sich über zwei Kontinente erstreckt Istanbul
77%
Auf dem Marktplatz dieser badischen Stadt findet man eine Pyramide Karlsruhe
77%
nach einigen Schätzungen noch vor Antwort 5 die größte Stadt Afrikas Kairo
75%
japanische Millionenstadt, in deren Stadtteil Umeda sich viele Wolkenkratzer befinden Osaka
75%
norditalienische Stadt, die für Schinken und Hartkäse bekannt ist Parma
74%
auf der Insel Luzon liegende asiatische Hauptstadt Manila
72%
bevölkerungsreichste Stadt der Europäischen Union Berlin
71%
westafrikanische Metropole, deren Filmindustrie als "Nollywood" bekannt ist Lagos
71%
südamerikanische Stadt, in deren Ballungsraum über 10 Millionen Menschen leben Lima
68%
Aus dieser Stadt kommen die Sportteams Maple Leafs und Raptors Toronto
66%
Sie trägt den Namen des US-Bundesstaats in sich, dessen Hauptstadt sie ist Indianapolis
63%
Der Chemiekonzern Bayer hat hier seinen Sitz Leverkusen
63%
nahe der kasachischen Grenze gelegene russische Millionenstadt Omsk
63%
asiatische Hauptstadt, die man früher etwas anders und mit Bindestrich schrieb Ulaanbaatar
63%
am Fluss Vardar gelegene europäische Hauptstadt Skopje
62%
Die Bevölkerungszahl dieser ostafrikanischen Hauptstadt hat sich in den letzten 20 Jahren mehr als verdoppelt Kigali
60%
Wie ihr Land hat auch diese westafrikanische Hauptstadt nur 4 Buchstaben Lomé
57%
Hier findet das Fußballderby zwischen Partizan und Roter Stern statt Belgrad
55%
afrikanische Hauptstadt, die bis 1976 Lourenço Marques hieß Maputo
52%
Hauptsitz der Afrikanischen Union Addis Abeba
49%
Zentrum der Weinherstellung in Nordkalifornien Napa
45%
In dieser Hauptstadt kam es 2001 zu einem Amoklauf, dem viele Mitglieder der Königsfamilie zum Opfer fielen Kathmandu
37%
Auf Niederländisch heißt diese nordfranzösische Stadt "Rijsel" Lille
37%
Hauptstadt des US-Bundesstaats, dessen größte Stadt Wichita ist Topeka
34%
Übersetzt bedeutet der Name dieser zentralasiatischen Stadt "Montag" Duschanbe
31%
eines der beliebtesten Strandbäder Italiens in der Nähe von Venedig Jesolo
31%
Die drittgrößte Stadt Kolumbiens ist eine der ältesten Städte Amerikas Cali
29%
Sport- und Ferienort in den Graubündener Bergen, die Endstation einer Bahnstrecke ist Arosa
20%
Dort befindet sich die älteste Universität Spaniens Salamanca
18%
In dieser Stadt befindet sich der größte Flughafen Ugandas Entebbe
14%
Keine übereinstimmenden Quizze gefunden
Verteilung der Resultate
Anzahl Personen mit jedem Resultat
Perzentil nach korrekt beantworteten Fragen
Ihre Resultats-Entwicklung
Sie haben dieses Quiz noch nicht gespielt